Código modelo Iberoamericano de ética judicial: carta de derechos de las personas ante la justicia en el espacio judicial Iberoamericano, estatuto del juez Iberoamericano
Saved in:
| Corporate Author: | |
|---|---|
| Format: | Book |
| Language: | Spanish |
| Published: |
Ciudad de México
Cumbre Judicial Iberoamericana
2006
|
| Edition: | 1a. ed |
| Subjects: | |
| Tags: |
Add Tag
No Tags, Be the first to tag this record!
|
MARC
| LEADER | 00000nam a2200000 a 4500 | ||
|---|---|---|---|
| 001 | UCI6516 | ||
| 003 | CL-VaPUC | ||
| 008 | 080509e20060000MX |||||||||||||||||spa|d | ||
| 020 | |a 9707126337 | ||
| 082 | 0 | 4 | |a 340.1 |b SUP |2 21 |
| 110 | 2 | |a Suprema Corte de Justicia de México |e author |9 529431 | |
| 245 | 1 | 0 | |a Código modelo Iberoamericano de ética judicial: carta de derechos de las personas ante la justicia en el espacio judicial Iberoamericano, estatuto del juez Iberoamericano |
| 250 | |a 1a. ed | ||
| 300 | |a 59 p | ||
| 942 | |c BK | ||
| 945 | |d 20080509 00:00:00 |a jtorresc | ||
| 260 | |a Ciudad de México |b Cumbre Judicial Iberoamericana |c 2006 | ||
| 650 | 0 | |a Etica jurídica |9 255897 | |
| 650 | 0 | |a Filosofía del derecho |9 255050 | |
| 650 | 0 | |a Teoría del derecho |9 255982 | |
| 583 | |a last modification |c 20080509 00:00:00 |k Rodrigo Vera | ||
| 999 | |c 329989 |d 329987 | ||
| 952 | |0 0 |1 0 |4 0 |6 340_100000000000000_SUP_2006 |7 0 |8 A |9 415262 |a BIBDER |b BIBDER |d 2019-11-22 |i 4436725 |o 340.1 SUP 2006 |p 4436725 |r 2023-01-25 |w 2019-11-22 |y BK |k DER | ||